000 00485nam a22001817a 4500
003 CEME
005 20210628202721.0
008 210120b xxu||||| |||| 00| 0 eng d
040 _cceme
082 _a808.06665 BOV
100 _aBovee, Courtland L ,Thill, John V
_961231
245 _aBusiness communication today
250 _a7TH
260 _aRAWALPINDI
_bNATIONAL BOOK FOUNDATION
_c2007
300 _aXVII,601 P
650 _aBUSINESS COMMUNICATION
_929717
942 _cBK
_2ddc
999 _c570752
_d570752